| 000 | 00484nam a2200181Ia 4500 | ||
|---|---|---|---|
| 005 | 20250326142926.0 | ||
| 008 | 250326s9999 xx 000 0 und d | ||
| 037 | _aTextbook | ||
| 040 |
_aFMSL _beng _cFMSL |
||
| 041 |
_aeng _2eng |
||
| 084 |
_aA.2 M2 _qFMSL |
||
| 100 |
_aDagli V _9102181 |
||
| 245 | 0 |
_aScience and technology in India _cDagli V |
|
| 260 |
_aNew Delhi _bNew Delhi, S.Chand _c1982 |
||
| 300 | _a338p | ||
| 942 |
_cTB _hA.2 M2 |
||
| 999 |
_c1297299 _d1297299 |
||